Click the Iron Maiden Song Title Ending - Statistics

General Stats
  • This quiz has been taken 230 times
  • The average score is 23 of 26
Answer Stats
Hint Answer % Correct
The Number of the Beast
98%
Run to the Hills
98%
Fear of the Dark
96%
Phantom of the Opera
96%
Two Minutes to Midnight
95%
Hallowed Be Thy Name
95%
Brave New World
95%
Flight of Icarus
92%
Can I Play With Madness
92%
The Wicker Man
92%
Wasted Years
92%
Children of the Damned
90%
Dance of Death
89%
Wildest Dreams
89%
Running Free
89%
From Here to Eternity
86%
Charlotte the Harlot
86%
Rime of the Ancient Mariner
86%
Total Eclipse
85%
The Book of Souls
85%
Flash of the Blade
83%
Tears of a Clown
83%
Death or Glory
83%
Empire of the Clouds
80%
To Tame a Land
69%
Gates of Tomorrow
53%
No matching quizzes found
Score Distribution
Percent of People with Each Score
Percentile by Number Answered
Your Score History
You have not taken this quiz